000 00313nam a2200109Ia 4500
008 220120s9999||||xx |||||||||||||| ||und||
100 _aAlter, Steven
245 0 _aInformation systems: a management perspective
260 _aPearson education asia
_bBangalooru
_c2001
300 _b350
650 _aTELECOMMUNICATION
999 _c132049
_d132049